El espaňol por el mundo: epm revista

Enregistré dans:
Détails bibliographiques
Format: Publication en série
Langue:espagnol
Publié: [Madrid] Revista de la AEPE
Tags: Ajouter un tag
Pas de tags, Soyez le premier à ajouter un tag!

MARC

LEADER 00000nas1a2200000 4500
001 0295745
005 20240417080453.1
022 |a 2605-1052 
041 0 |a spa 
044 |a ES 
245 1 0 |a El espaňol por el mundo: epm revista 
264 1 |a [Madrid]  |b Revista de la AEPE